000 00273nam a22001337a 4500
008 170727b xxu||||| |||| 00| 0 eng d
020 _a0387901442
041 _aeng
080 _a004
100 _a29
101 _aSHKI
245 _aPASCAL
_cJENSEN, K
942 _2udc
_cBK
999 _c22005
_d22005